• 首页
  • 本馆介绍
  • 公告通知
  • 最新文献
  • 馆藏检索
  • 电子资源
  • 读者导购
  • 参考咨询
  • 我的图书馆
  • 登录
  • 详细信息显示
  • 放入我的书架
  • 预约/预借图书
  • 作者相关作品
  • 分类相关作品
  • 丛书相关作品
  • 出版社相关作品

书目信息

  • 表格格式
  • 工作单格式
  • 卡片格式
题名:
中国式电荒的演进与应对
    
 
作者: 吴疆, 著
分册:  
出版信息: 北京   科学技术文献出版社  2015
页数: 184页
开本: 24cm
丛书名:
单 册:
中图分类: TM73
科图分类:
主题词: 电力系统--Dian Li Xi Tong--用电管理--中国
电子资源:
ISBN: 978-7-5023-9396-0
000 01178nam0 2200253 450
001 1658962312
005 20150818094015.7
010    @a978-7-5023-9396-0@dCNY98.00
100    @a20150818d2015 em y0chiy0120 ea
101 0  @achi
102    @aCN@b110000
105    @aak a 001yy
106    @ar
200 1  @a中国式电荒的演进与应对@AZhong Guo Shi Dian Huang De Yan Jin Yu Ying Dui@f吴疆著
210    @a北京@c科学技术文献出版社@d2015
215    @a184页@c图@d24cm
320    @a有书目 (第180-181页) 和索引
330    @a本书作为本全面介绍中国式“电荒”情况的图书,以权威开阔的视角、海量翔实的数据,对改革开放以来中国三个阶段电荒的基本情况、形成原因、基本对策以及阶段成效进行了全景式总结分析。在此基础上,对于我国电荒形成机制进行了探讨,揭示了应对电荒的基本经验与规律,并提炼出7条技术路线与6条政策逻辑。本书还对未来国可能出现的电荒的诱因进行了多层面的预测与分析。
333    @a本书适合关注电力产业发展的读者以及电力与能源领域中高层管理人员、各级政府政策制定与监管部门、相关研究或教学机构阅读参考。
606 0  @a电力系统@ADian Li Xi Tong@x用电管理@y中国
690    @aTM73@v5
701  0 @a吴疆,@AWu Jiang@f1971-@4著
801  0 @aCN@b江苏新华@c20150511
905    @aBZT@dTM73@e2
    
    中国式电荒的演进与应对/吴疆著.-北京:科学技术文献出版社,2015
    184页:图;24cm
    使用对象:本书适合关注电力产业发展的读者以及电力与能源领域中高层管理人员、各级政府政策制定与监管部门、相关研究或教学机构阅读参考。
    
    ISBN 978-7-5023-9396-0:CNY98.00
    本书作为本全面介绍中国式“电荒”情况的图书,以权威开阔的视角、海量翔实的数据,对改革开放以来中国三个阶段电荒的基本情况、形成原因、基本对策以及阶段成效进行了全景式总结分析。在此基础上,对于我国电荒形成机制进行了探讨,揭示了应对电荒的基本经验与规律,并提炼出7条技术路线与6条政策逻辑。本书还对未来国可能出现的电荒的诱因进行了多层面的预测与分析。
●
相关链接 在五车中查询图书 在当当中查询图书 在豆瓣中查询图书


正题名:中国式电荒的演进与应对     索取号:TM73/2         预约/预借

序号 登录号 条形码 馆藏地/架位号 状态 备注
1 796970   2000796970   第二书库/ [索取号:TM73/2] 在馆    
2 796971   2000796971   第二书库/ [索取号:TM73/2] 在馆    
3 796972   2000796972   第二书库/ [索取号:TM73/2] 在馆    
山东省滨州职业学院图书馆 欢迎您!
大连网信软件有限公司© 版权所有